Catalog

Record Details

Catalog Search



The American heiress [CD/sound recording] / Daisy ... Read More

Goodwin, Daisy.(Author).
Kellgren, Katherine.(Added Author).

Available copies

  • 1 of 1 copy available at LARL/NWRL Consortium.

Current holds

0 current holds with 1 total copy.

Show Only Available Copies
Location Call Number / Copy Notes Barcode Shelving Location Status Due Date
Barb Geer Memorial LINK Site BOOK-ON-CD GOO (Text) 35500004944383 Main Available -

Record details

  • ISBN: 9781427212290
  • ISBN: 1427212295
  • Physical Description: 11 sound discs (14 hr.) : digital ; 4 3/4 in.
  • Edition: Unabridged.
  • Publisher: New York : Macmillan Audio, 2011

Content descriptions

General Note:
Compact discs.
Participant or Performer Note:
Katherine Kellgren.
Summary, etc.:
Presents the story of vivacious Cora Cash, whose ... Read More
Subject: Americans > England > Fiction.
Aristocracy (Social class) > England > Fiction.
England > Social life and customs > 19th century > Fiction.
Genre: Historical fiction.
Audiobooks.
Compact discs.
Audiobooks > Fiction.
LDR 01926cim a2200469Ia 4500
001134475
003LARL_NWRL_CONSORTIUM
00520110817123119.0
007sd fungnnmmneu
008101119s2011 nyunnnn f n eng d
019 . ‡a741403809
020 . ‡a9781427212290
020 . ‡a1427212295
02801. ‡aDD0246 ‡bRecorded Books
035 . ‡a(OCoLC)682894377 ‡z(OCoLC)741403809
040 . ‡aBTCTA ‡beng ‡cBTCTA ‡dOCLCQ ‡dTEF ‡dZPX ‡dRECBX ‡dIEP ‡dVP@ ‡dNRG
043 . ‡ae-uk-en
049 . ‡aNRGP
050 4. ‡aPR6107.O6625 ‡bM9 2011ab
08204. ‡a823/.92 ‡223
1001 . ‡aGoodwin, Daisy. ‡0(LARL_NWRL_CONSORTIUM)221074
24514. ‡aThe American heiress ‡h[CD/sound recording] / ‡cDaisy Goodwin.
250 . ‡aUnabridged.
260 . ‡aNew York : ‡bMacmillan Audio, ‡c2011
300 . ‡a11 sound discs (14 hr.) : ‡bdigital ; ‡c4 3/4 in.
5110 . ‡aKatherine Kellgren.
500 . ‡aCompact discs.
520 . ‡aPresents the story of vivacious Cora Cash, whose early twentieth-century marriage to England's most eligible duke is overshadowed by his secretive nature and the traps and betrayals of London's social scene.
650 0. ‡aAmericans ‡zEngland ‡vFiction. ‡0(LARL_NWRL_CONSORTIUM)163268
650 0. ‡aAristocracy (Social class) ‡zEngland ‡vFiction. ‡0(LARL_NWRL_CONSORTIUM)170726
651 0. ‡aEngland ‡xSocial life and customs ‡y19th century ‡vFiction. ‡0(LARL_NWRL_CONSORTIUM)168418
655 7. ‡aHistorical fiction. ‡2gsafd
655 7. ‡aAudiobooks. ‡2lcgft ‡0(LARL_NWRL_CONSORTIUM)175801
655 7. ‡aCompact discs. ‡2lcsh
655 7. ‡aAudiobooks ‡vFiction. ‡2lcsh
7001 . ‡aKellgren, Katherine. ‡0(LARL_NWRL_CONSORTIUM)209702
994 . ‡aC0 ‡bNRG
901 . ‡a134475 ‡bOCLC ‡c134475 ‡tbiblio

Additional Resources